00293nam a2200121 450000500170000010000220001724500180003926400260005730000180008333600220010133700240012333800240014720260530115312.01 aAlejandro Asencio10aStorage Areas 1bParragon Books c2009 a238 páginas atexto2rdacontent asin medio2rdamedia avolumen2rdacarrier